Statystyki dla Wszystkie wiedźmińskie szkoły

Kliknij tutaj aby rozwiązać quiz!

Ogólne statystyki

  • Ten quiz został rozwiązany 126 razy
  • Średni wynik to 5 z 6

Statystyki odpowiedzi

Szkoła% Poprawnych
Cechu Wilka
98%
Cechu Kota
92%
Cechu Niedźwiedzia
91%
Cechu Gryfa
84%
Cechu Żmii
70%
Cechu Mantikory
69%

Rozkład punktacji

Percentyl według liczby udzielonych odpowiedzi

Procent ludzi z każdym wynikiem

Twoja historia wyników

Nie rozwiązałeś tego quizu